Responses for Show #1175 - Friday, October 13, 1989

Contestants

[<< previous game]

Larry Kole, an attorney from Hermosa Beach, California

Mary Owenby, a word processor from San Diego, California

Stacie Macias, a homemaker from Lake Elsinore, California (whose 1-day cash winnings total $14,800)

[next game >>]

Jeopardy! Round responses

THE CIVIL WAR
SINGERS
JEWELRY
ZOOLOGY
TV TRIVIA
ANAGRAMS
(Alex: For those of you who like word games.)
    $100 2
Henry Stanley

Stacie
    $100 12
Diana Ross

Larry
    $100 1
piercing

Larry
    $100 30
(Larry: What is a boar?)

the gnu

MaryLarry
    $100 7
(Mary: What is TNN?)

ESPN

MaryLarry
    $100 24
Ivan (from VAIN)

Mary
    $200 3
horse (or mount)

Mary
    $200 13
Olivia Newton-John

Larry
    $200 17
a pearl

Mary
    $200 20
the Southern Hemisphere

Larry
    $200 8
Spanish

Mary
    $200 25
Shane (from ASHEN)

Larry
    $300 4
Arlington National Cemetery

Stacie
    $600 14
Lionel Richie

Larry
    $300 18
a signet

Stacie
    $300 21
teeth

Mary
    $300 9
Oprah Winfrey

Larry
    $300 27
(Alex: With less than a minute to go.)

yarn (from RYAN)

Stacie
    $400 5
Giuseppe Garibaldi

Mary
    $400 15
Julian Lennon

Larry
    $400 19
a choker

Larry
    $400 23
the seahorse

Stacie
    $400 10
Bill Bradley

Larry
    $400 28
Andrew (from WANDER)

Stacie
    $500 6
Cole Younger

Mary
    $500 16
Simon & Garfunkel

Stacie
    $500 22
a cameo

Mary
    $500 26
(Stacie: What are orangutans?)

mandrills

Stacie
Triple Stumper
    $500 11
Lonesome Dove

Mary
    $500 29
toaster (from ROSETTA)

Larry

Scores at the first commercial break (after clue 14):

Stacie Mary Larry
$400 $1,700 $1,800

Scores at the end of the Jeopardy! Round:

Stacie Mary Larry
$1,800 $2,900 $3,400

Double Jeopardy! Round responses

GREEK MYTHOLOGY
STATE NICKNAMES
WEIGHTS & MEASURES
BEST SELLERS
RESORTS
IN THE DICTIONARY
    $200 16
(Mary: Who is Capricorn?)

Sagittarius

MaryLarry
    $200 1
bird

Stacie
    $200 17
league

Mary
    $200 7
"The Duchess of Windsor"

Mary
    $200 6
St. Croix

Stacie
    $200 26
"para-"

Mary
    $400 18
Ursa Major & Ursa Minor

Stacie
    $400 2
Illinois

Larry
    $400 22
ton/tun

Mary
    $400 8
Rubik's Cube

Larry
    $400 9
Club Med

Larry
    $400 27
(Larry: IN THE DICTIONARY for $800...)
[The end-of-round signal sounds.]

Bismarck

Larry
    $600 19
(Mary: Who is Priam?)
(Larry: Who is Paris?)

Achilles

MaryLarry
Triple Stumper
    $1,000 3
(Larry: What is Minnesota?)

Missouri ("The Show-Me State")

Larry
    $600 23
(Stacie: What is the book of Jeremiah?)
(Alex: (The Bible) That's what we were going for; when you were so specific, Stacie, you had to come up with the right book....we've got a minute left in the round.)

The Bible

StacieMary
    $600 11
Richard Burton

Mary
    $600 10
Rio de Janeiro

Stacie
    $1,000 20
Echo

Stacie
    $800 4
The "Green Mountain State"

Stacie
    $800 24
"milli-"

Larry
    $800 12
The French Revolution

Larry
    $800 13
Yalta

Larry
    $1000 21
Castor & Pollux

Larry
    $1000 5
"Land of Enchantment"

Larry
    $1000 25
(Stacie: What is avoirdupois?)
(Mary: What is linear?)

Apothecary Weight

StacieMary
Triple Stumper
    $1000 15
(Mary: Who is Sidney Sheldon?)

Dick Francis

StacieMary
    $1000 14
(Larry: What is Dover?)

Brighton

StacieLarry

Scores at the end of the Double Jeopardy! Round:

Stacie Mary Larry
$5,400 $2,300 $7,000

[wagering suggestions for these scores]

Final Jeopardy! Round responses

SHAKESPEARE
MaryWho is King John?
$2,300
StacieWho is Falstaff?
$5,400
LarryWho is Henry IV
$3,801
Sir John Falstaff

Final scores:

Stacie Mary Larry
$10,800 $0 $3,199
2-day champion: $25,600 3rd place: Hitachi 20" color TV 2nd place: Sears Pembroke curio cabinet

Game dynamics:

Coryat scores:

Stacie Mary Larry
$5,200 $2,300 $7,700
15 R
(including 1 DD),
3 W
16 R,
5 W
22 R
(including 1 DD),
4 W
(including 1 DD)

Combined Coryat: $15,200

[game clues] [game scores] [suggest correction]

Game tape date: 1989-06-21
The J! Archive is created by fans, for fans. Scraping, republication, monetization, and malicious use prohibited; this site may use cookies and collect identifying information. See terms. The Jeopardy! game show and all elements thereof, including but not limited to copyright and trademark thereto, are the property of Jeopardy Productions, Inc. and are protected under law. This website is not affiliated with, sponsored by, or operated by Jeopardy Productions, Inc. Join the discussion at JBoard.tv.